Heresy and orthodoxy in the early church (Record no. 9517)
[ view plain ]
| 000 -LEADER | |
|---|---|
| fixed length control field | 00513nam a2200217Ia 4500 |
| 003 - CONTROL NUMBER IDENTIFIER | |
| control field | 0100 |
| 008 - FIXED-LENGTH DATA ELEMENTS--GENERAL INFORMATION | |
| fixed length control field | 130303s9999 xx 000 0 und d |
| 020 ## - INTERNATIONAL STANDARD BOOK NUMBER | |
| International Standard Book Number | 860782948 |
| 040 ## - CATALOGING SOURCE | |
| Transcribing agency | ARRUPELIB |
| 050 ## - LIBRARY OF CONGRESS CALL NUMBER | |
| Classification number | BR165.C4831991 |
| 100 ## - MAIN ENTRY--PERSONAL NAME | |
| Personal name | Chadwick, Henry |
| 245 ## - TITLE STATEMENT | |
| Title | Heresy and orthodoxy in the early church |
| 260 ## - PUBLICATION, DISTRIBUTION, ETC. (IMPRINT) | |
| Place of publication, distribution, etc | Aldershot |
| 260 ## - PUBLICATION, DISTRIBUTION, ETC. (IMPRINT) | |
| Name of publisher, distributor, etc | Variorum |
| 260 ## - PUBLICATION, DISTRIBUTION, ETC. (IMPRINT) | |
| -- | 1991 |
| 300 ## - PHYSICAL DESCRIPTION | |
| Extent | 24cm. |
| 650 ## - SUBJECT ADDED ENTRY--TOPICAL TERM | |
| Topical term following geographic name as entry element | Europe--Civilization |
| 650 ## - SUBJECT ADDED ENTRY--TOPICAL TERM | |
| Location of event | Ethnocentrism--Europe |
| 700 ## - ADDED ENTRY--PERSONAL NAME | |
| Personal name | Henry Chadwick |
| 942 00 - ADDED ENTRY ELEMENTS (KOHA) | |
| Koha issues (borrowed), all copies | 1 |
No items available.